| 000 | 00978nam a2200313Ia 4500 | ||
|---|---|---|---|
| 001 | Z_247 | ||
| 003 | CHAP | ||
| 008 | 220113s1989 xx 000 0 und d | ||
| 010 | _a163221 | ||
| 040 | _cCHAP | ||
| 082 | _a630.9727 P3 | ||
| 100 |
_aParra Vázquez, Manuel Roberto _985749 |
||
| 245 |
_aEl subdesarrollo agrícola en los altos de Chiapas / _cpor Manuel Roberto Parra Vázquez [y otros] |
||
| 260 |
_aChapingo, Méx. : _bUACH. Dirección de Difusión Cultural, _c1989 |
||
| 300 | _a405 p. | ||
| 440 |
_aColeccción Cuadernos universitarios. Serie agronomía; 18 _9137522 |
||
| 500 | _a | ||
| 503 | _a | ||
| 650 |
_aAgricultura _xChiapas _91355 |
||
| 650 |
_aGanado lanar _xChiapas _945162 |
||
| 650 |
_aIndustrias textiles _xChiapas I. UACH. Subdirección de Centros Regionales II. t. _9137523 |
||
| 650 |
_aRecursos forestales _xChiapas _9137524 |
||
| 901 | _a630.9727 P3 | ||
| 902 | _aA | ||
| 910 | _a1989 | ||
| 942 | _c1 | ||
| 942 | _cc1 | ||
| 999 |
_c163221 _d163221 |
||